00370nam a22001337a 450000500170000000800410001704100120005808200120007010000120008224500350009426000500012930000320017965000250021120241101080516.0241101b |||||||| |||| 00| 0 eng d aEnglish a349 LAW lEnglish aThe Law Reports: Appeal Cases  aLondon: bWilliam Clowes and Sons Ltd, c1889 bxxiii, 722 pages; c26 cm.  aLegal practice bLaw